000 00742nam a2200241Ia 4500
003 OSt
005 20220923225310.0
006 a|||||r|||| 00| 0
007 ta
008 220922b |||||||| |||| 00| 0 hin d
024 _a262,246
037 _cTextual
040 _aARTS
_cARTS
_bhin
041 _2hin
_ahin
082 _aO15,3D60,1,SU, 152M1
100 _aबाणभट्ट; मोहनदेव, अनु.
245 0 _aशुकनासोपदेशः
246 _aShukanāsopadeshah
260 _c1981
650 _aसंस्कृत साहित्य
942 _hO15,3D60,1,SU, 152M1
_cTEXL
_2CC
999 _c377340
_d377340